Srdce blesk nespáli

Bibliographic Details
Main Author: Kočar, Račija (Author)
Other Authors: Baránková, Marta, 1943- (Translator)
Format: Book
Language:Slovak
Russian
PhysicalDescription:136 s., 6,43 AH 20 cm
Published: Bratislava Slovenský spisovateľ 1978
Edition:1. vyd.
Series:Tvorba národov

MARC

LEADER 00000nam a2200000 a 4500
001 vtls001110507
003 SK-MaSNL
005 20260301094525.0
008 250414s1978 xo 0 slo
015 |a SNBA1978 
035 |a SNK000053350 
040 |a SNK  |b slo  |c SNK  |e AACR2 
041 0 |a slo  |h rus 
044 |a xo  |c SK 
080 |a 891.981-3  |2 1981 
100 1 |a Kočar, Račija  |4 aut  |9 428448 
245 1 0 |a Srdce blesk nespáli  |c Račija Kočar ; Marta Baránková, Ján Meisner 
250 |a 1. vyd. 
260 |a Bratislava  |b Slovenský spisovateľ  |c 1978  |e Trnava  |f Polygrafické závody 
300 |a 136 s., 6,43 AH  |c 20 cm 
366 |e 6000 výtl. 
490 0 |a Tvorba národov 
500 |a Titl. dvojlist. Vysvetl. Brož. 6,80 Kčs. 
700 1 |a Baránková, Marta,  |d 1943-  |4 trl  |9 36891 
700 1 |a Meisner, Ján  |4 bkd  |9 279454 
852 |a Slovenská národná knižnica 
954 |a romány spoločenské  |a povesti historické  |a literatúra národov ZSSR 
954 |a Arménsko  |a dedina americká 
958 |a OND 
958 |a LX 
958 |a TL 
958 |a UP 
999 |c 680513  |d 682443 
952 |a SNK  |b SNK  |y VYP  |7 0  |p 17A1116986  |o snkSC 43156 D1  |i snkKSP 1278/78  |0 0  |1 0  |4 0  |d 2014-11-25  |l 0  |r 2026-02-23 19:55:22  |w 2026-02-23